LEADER 00789nam0-22002891i-450- 001 990001013350403321 035 $a000101335 035 $aFED01000101335 035 $a(Aleph)000101335FED01 035 $a000101335 100 $a20000920d1962----km-y0itay50------ba 101 0 $aeng 200 1 $aAsymptotic Approximations$fBy Harold Jeffreys 210 $aOxford$cClarendon Press$d1962 215 $a144 p.$d22 cm 610 0 $aEquazioni differenziali e integro$aDifferenziali 676 $a517.35 676 $a517.39 700 1$aJeffreys,$bHarold$012419 801 0$aIT$bUNINA$gRICA$2UNIMARC 901 $aBK 912 $a990001013350403321 952 $a15-040$b3492 F.T.$fFI1 959 $aFI1 996 $aAsymptotic approximations$9117893 997 $aUNINA DB $aING01 LEADER 05994nam 2200805 450 001 9910297019303321 005 20221019153151.0 010 $a0-444-62629-8 010 $a0-444-62630-1 035 $a(CKB)3710000000359749 035 $a(EBL)1985954 035 $a(SSID)ssj0001558895 035 $a(PQKBManifestationID)16184069 035 $a(PQKBTitleCode)TC0001558895 035 $a(PQKBWorkID)14818767 035 $a(PQKB)11054418 035 $a(MiAaPQ)EBC1985954 035 $a(Au-PeEL)EBL1985954 035 $a(CaPaEBR)ebr11031189 035 $a(CaONFJC)MIL749589 035 $a(OCoLC)905985553 035 $a(PPN)200196170 035 $a(EXLCZ)993710000000359749 100 $a20150321h20152015 uy 0 101 0 $aeng 135 $aur|n|---||||| 181 $ctxt 182 $cc 183 $acr 200 04$aThe human auditory system $efundamental organization and clinical disorders /$fvolume editors, Gastone G. Celesia and Gregory Hickok ; contributors, P. Afra [and forty-seven others] 205 $aThird series. 210 1$aEdinburgh, [Scotland] :$cElsevier,$d2015. 210 4$d©2015 215 $a1 online resource (723 p.) 225 1 $aHandbook of Clinical Neurology ;$vVolume 129 300 $aDescription based upon print version of record. 311 $a1-336-18303-9 320 $aIncludes bibliographical references at the end of each chapters and index. 327 $aFront Cover; The Human Auditory System: Fundamental Organization and Clinical Disorders; Copyright; Handbook of Clinical Neurology 3rd Series; Foreword; Preface; Contributors; Contents; Section 1: Anatomy and Physiology of the Human Auditory System; Chapter 1: Auditory Pathways: Anatomy and Physiology; Introduction and Overview; The Outer and Middle ears; The Absolute Threshold and Relation to outer- and middle-ear Transmission; The Cochlea; Overall Anatomy; Anatomy in Relation to Function; The Output of the Cochlea; The Auditory Central Nervous System: Introduction to Central Processing 327 $aThe Ventral Auditory Stream Of the Brainstem Sound Localization By Comparing Responses At the Two ears; The Anteroventral Cochlear Nucleus; The Medial Superior olive; The Lateral Superior olive; Outputs of the Ventral Auditory Stream of the Brainstem; The Dorsal Auditory Stream of the Brainstem: Complex Stimulus Analysis; The Dorsal Cochlear Nucleus; The Posteroventral Cochlear Nucleus; The Ventral Nucleus of the Lateral Lemniscus; The Inferior Colliculus; The Central Nucleus of the Inferior Colliculus; The External Nucleus and Dorsal Cortex of the Inferior Colliculus 327 $aThe Medial Geniculate bodyOverall Anatomy and Inputs; The Ventral Nucleus; Anatomy and Frequency Organization; Responses To sound; The Medial and Dorsal Nuclei of the MGB; The Auditory Cortex; Anatomic Introduction to the Auditory Cortex; Tonotopic Organization; Organization Along frequency-band Strips; Responses of Single Neurons: Responses In the core; Responses of Single Neurons: Responses In the belt; Cortical Processing of Sound Location; Cortical Processing in Relation to Stimulus Complexity; The Centrifugal System; References; Chapter 2: Anatomic Organization of the Auditory Cortex 327 $aWhat is Auditory Cortex?Principles of Auditory Cortical Organization; Principle 1: Auditory Cortex Can Be Divided Into Regions; Principle 2: Regions of Auditory Cortex Are subdivided Into areas; Principle 3: Individual Areas of Auditory Cortex are Tonotopically Organized; Principle 4: Thalamic Inputs to Auditory Cortex Vary By Region And layer; MGv; MGd; MGm; Principle 5: The Connections of Auditory Cortex have Serial and Parallel Features; Serial Connections and Hierarchic Relationships; Core-belt-parabelt axis; Caudal-rostral axis; Parallel Connections 327 $aPrinciple 6: The auditory-related Connections of Auditory Cortex are Topographically OrganizedSuperior Temporal Cortex; Prefrontal and Cingulate Cortex; Posterior Parietal Cortex; Occipital Cortex; Anterior Parietal Cortex; Striatum; Amygdala; Functional Considerations; Correspondence of Human and non-human Primate Auditory Cortex; Where is Auditory Cortex in the Human brain?; Regions And areas; Concluding Remarks; Acknowledgments; References; Chapter 3: Development of the Auditory System; Introduction; Development of The ear; Behavioral Testing and Psychoacoustics 327 $aCoding of Auditory Features 330 $aThe Human Auditory System: Fundamental Organization and Clinical Disorders provides a comprehensive and focused reference on the neuroscience of hearing and the associated neurological diagnosis and treatment of auditory disorders. This reference looks at this dynamic area of basic research, a multidisciplinary endeavor with contributions from neuroscience, clinical neurology, cognitive neuroscience, cognitive science communications disorders, and psychology, and its dramatic clinical application.A focused reference on the neuroscience of hearing and clinical disordersCovers both basic brain s 410 0$aHandbook of clinical neurology ;$vVolume 129. 606 $aHearing disorders 606 $aAuditory pathways 606 $aHearing$xPhysiological aspects 606 $aTrastorns auditius$2thub 606 $aManifestacions neurològiques de les malalties$2thub 606 $aAspectes psicològics$2thub 608 $aLlibres electrònics$2thub 615 0$aHearing disorders. 615 0$aAuditory pathways. 615 0$aHearing$xPhysiological aspects. 615 7$aTrastorns auditius 615 7$aManifestacions neurològiques de les malalties 615 7$aAspectes psicològics 676 $a617.8 702 $aCelesia$b Gastone G. 702 $aHickok$b Gregory 702 $aAfra$b P. 801 0$bMiAaPQ 801 1$bMiAaPQ 801 2$bMiAaPQ 906 $aBOOK 912 $a9910297019303321 996 $aThe human auditory system$92296822 997 $aUNINA LEADER 03210nam 22005415 450 001 9910349449903321 005 20200705192731.0 010 $a3-030-21859-7 024 7 $a10.1007/978-3-030-21859-1 035 $a(CKB)4100000008959065 035 $a(MiAaPQ)EBC5849817 035 $a(DE-He213)978-3-030-21859-1 035 $a(PPN)260303135 035 $a(EXLCZ)994100000008959065 100 $a20190810d2019 u| 0 101 0 $aeng 135 $aurcnu|||||||| 181 $ctxt$2rdacontent 182 $cc$2rdamedia 183 $acr$2rdacarrier 200 10$aInfections in Neutropenic Cancer Patients /$fedited by Ana Paula Velez, Jorge Lamarche, John N. Greene 205 $a1st ed. 2019. 210 1$aCham :$cSpringer International Publishing :$cImprint: Springer,$d2019. 215 $a1 online resource (187 pages) 311 $a3-030-21858-9 327 $aCentral Nervous System Infections in Neutropenic Cancer Patients -- Head and Neck Infections.-Respiratory Infections -- Gastrointestinal and Genitourinary Infections -- Skin Infections.-Bacteremia in Neutropenic Patients -- Fungal Infections -- Neutropenic Fever -- Antifungal Medications in Neutropenia -- Antimicrobial Prophylaxis -- Antimicrobial Stewardship in Immunocompromised Host -- Index. 330 $aAs bone marrow transplant treatments and chemotherapy develop, the population of neutropenic cancer patients is on the rise. These developments are allowing patients to live longer, but in recent years, they have also led to an increase in previously rare infections and syndromes, whose management is unfamiliar to the average healthcare professional. Infections in Neutropenic Cancer Patients is a crucial resource for medical students, residents, practitioners, health professionals, and researchers. It details the clinical presentation, diagnoses, and management of an array of common infections and syndromes specific to neutropenic cancer patients, including real scenarios accompanied by color photos and radiographic results. Chapters include step-by-step tutorials, access to clinical answers on diagnosis and treatment, and a tabulated summary of the key points. 606 $aCancer$xResearch 606 $aInfectious diseases 606 $aImmunoglobulins 606 $aCancer Research$3https://scigraph.springernature.com/ontologies/product-market-codes/B11001 606 $aInfectious Diseases$3https://scigraph.springernature.com/ontologies/product-market-codes/H33096 606 $aAntibodies$3https://scigraph.springernature.com/ontologies/product-market-codes/B14010 615 0$aCancer$xResearch. 615 0$aInfectious diseases. 615 0$aImmunoglobulins. 615 14$aCancer Research. 615 24$aInfectious Diseases. 615 24$aAntibodies. 676 $a616.994 676 $a616.9 702 $aVelez$b Ana Paula$4edt$4http://id.loc.gov/vocabulary/relators/edt 702 $aLamarche$b Jorge$4edt$4http://id.loc.gov/vocabulary/relators/edt 702 $aGreene$b John N$4edt$4http://id.loc.gov/vocabulary/relators/edt 906 $aBOOK 912 $a9910349449903321 996 $aInfections in Neutropenic Cancer Patients$91994006 997 $aUNINA